| 000 | 00628nam a2200217 a 4500 | ||
|---|---|---|---|
| 001 | 000047024 | ||
| 003 | DO-SdBNP | ||
| 005 | 20260321073643.0 | ||
| 008 | 180411s 2005 dr r 000 0 spa d | ||
| 020 | _a9789945406290 | ||
| 040 |
_aDO-SdBNP _bspa _cBNPHU |
||
| 082 |
_aBNPHU 320.1 _bB742e |
||
| 100 | 1 |
_a Bosch, Juan, _d1909-2001 _976555 |
|
| 245 | 1 | 3 |
_aEl Estado : _bsus origenes y desarrollo / _cJuan Bosch. |
| 260 |
_aSanto Domingo : _bAlfa & Omega, _c2005. |
||
| 300 |
_a315 p. ; _c22 cm. |
||
| 590 | _aInventariado,2018/DG | ||
| 650 | 1 | 0 |
_aEstado _9726 |
| 650 | 1 | 4 |
_aCiencia polĂtica _xHistoria _9727 |
| 942 |
_2ddc _cLBS1 |
||
| 999 |
_c46512 _d46512 |
||